The land and people of Austria

Gardado en:
Detalles Bibliográficos
Autor Principal: Raymond A Wohlrabe
Formato: Libro
Idioma:Undetermined
Publicado: Philadelphia 1956
Những chủ đề:
Các nhãn: Engadir etiqueta
Sen Etiquetas, Sexa o primeiro en etiquetar este rexistro!
Thư viện lưu trữ: Trung tâm Học liệu Trường Đại học Cần Thơ
LEADER 00489nam a2200169Ia 4500
001 CTU_10297
008 210402s9999 xx 000 0 und d
082 |a 914.436 
082 |b W846 
100 |a Raymond A Wohlrabe 
245 4 |a The land and people of Austria 
245 0 |c Raymond A Wohlrabe, Werner Krusch 
260 |a Philadelphia 
260 |c 1956 
650 |a austria - description and travel 
904 |i Minh, 961007 
980 |a Trung tâm Học liệu Trường Đại học Cần Thơ